00843cam a22002173a 450000100060000000300060000600500170001200800410002904000150007004200070008505000070009210000440009924500800014326000290022350501660025250600300041851600200044865300860046883000290055485600420058314252PGUSA20140828083315.0041203s2004||||xxu|||||s|||||000 | eng d aPGUSAbeng adc 4aPR1 aSwinburne, Algernon Charles,d1837-190914aThe Age of Shakespeareh[electronic resource] /cAlgernon Charles Swinburne bProject Gutenberg,c20040 aChristopher Marlowe -- John Webster -- Thomas Dekker -- John Marston -- Thomas Middleton -- William Rowley -- Thomas Heywood -- George Chapman -- Cyril Tourneur. aPublic domain in the USA. aElectronic text aEnglish drama -- Early modern and Elizabethan, 1500-1600 -- History and criticism 0aProject Gutenbergv1425240uhttp://www.gutenberg.org/ebooks/14252